[Event "Titled Tue 20th May Early"]
[Site "chess.com INT"]
[Date "2025.05.20"]
[Round "9"]
[White "Porozhnyak, Maya"]
[Black "Tran, Vo Quoc Bao"]
[Result "0-1"]
[WhiteTitle "WCM"]
[WhiteElo "1974"]
[BlackElo "2096"]
[WhiteFideId "34115843"]
[BlackFideId "12425184"]
[EventDate "2025.05.20"]

1. e4 c5 2. Nf3 d6 3. d4 Nf6 4. Bd3 cxd4 5. Nxd4 g6 6. O-O Bg7 7. c3 O-O 8. h3
Nc6 9. Be3 Bd7 10. Nd2 Rc8 11. N2b3 a6 12. f4 b5 13. Qf3 Qc7 14. Rad1 Rfe8 15.
Nxc6 Bxc6 16. Nd4 Ba8 17. f5 d5 18. fxg6 hxg6 19. e5 Qxe5 20. Bf4 Qh5 21. g4 Qh4
22. Be5 Rf8 23. Kg2 Ne4 24. Bxg7 Kxg7 25. a4 e5 26. Ne2 Ng5 27. Qf6+ Kg8 28.
Qxe5 Qxh3+ 29. Kg1 d4 30. Be4 Bxe4 0-1

[Event "Titled Tue 20th May Early"]
[Site "chess.com INT"]
[Date "2025.05.20"]
[Round "9"]
[White "Emeliantsev, Anatoliy"]
[Black "Purtseladze, Maka"]
[Result "0-1"]
[WhiteTitle "FM"]
[BlackTitle "IM"]
[WhiteElo "2359"]
[BlackElo "2261"]
[WhiteFideId "4160681"]
[BlackFideId "13602659"]
[EventDate "2025.05.20"]

1. d4 c5 2. d5 e5 3. e4 d6 4. Nc3 Be7 5. a4 Bg5 6. Bxg5 Qxg5 7. Nf3 Qd8 8. Nd2
f5 9. exf5 Bxf5 10. Nc4 Ne7 11. Bd3 O-O 12. O-O Na6 13. Nb5 Rf6 14. Bxf5 Nxf5
15. Ra3 Nc7 16. Rh3 Nxb5 17. axb5 Qd7 18. b6 Qb5 19. b3 axb6 20. g4 Nd4 21. Kh1
Raf8 22. g5 Rf3 23. Rxf3 Nxf3 24. Nxd6 Qd7 25. Ne4 Qh3 0-1

[Event "Titled Tue 20th May Early"]
[Site "chess.com INT"]
[Date "2025.05.20"]
[Round "9"]
[White "Kao, Jamison Edrich"]
[Black "Dilmukhametov, Artur"]
[Result "1-0"]
[WhiteTitle "CM"]
[BlackTitle "FM"]
[WhiteElo "2018"]
[BlackElo "2276"]
[WhiteFideId "6007937"]
[BlackFideId "24179922"]
[EventDate "2025.05.20"]

1. e4 e6 2. d4 d5 3. Nc3 Bb4 4. e5 c5 5. a3 Bxc3+ 6. bxc3 Qc7 7. Nf3 Ne7 8. a4
b6 9. Bb5+ Bd7 10. Bd3 c4 11. Be2 Nbc6 12. h4 Kd8 13. h5 h6 14. Ba3 a6 15. Nh4
b5 16. f4 Qa5 17. Qd2 b4 18. cxb4 Qxa4 19. O-O Na7 20. b5 Qxb5 21. Rab1 Qa4 22.
Bc5 Nac6 23. Bg4 Rg8 24. f5 exf5 25. Nxf5 Nxf5 26. Bxf5 Bxf5 27. Rxf5 Ke8 28.
Rb7 Nd8 29. Re7+ Kf8 30. Re6# 1-0

[Event "Titled Tue 20th May Early"]
[Site "chess.com INT"]
[Date "2025.05.20"]
[Round "9"]
[White "Csonka, Balazs"]
[Black "Antoniou, Rafail"]
[Result "0-1"]
[WhiteTitle "IM"]
[BlackTitle "CM"]
[WhiteElo "2469"]
[BlackElo "2134"]
[WhiteFideId "742910"]
[BlackFideId "5904390"]
[EventDate "2025.05.20"]

1. Nf3 d5 2. d4 Nf6 3. c4 c6 4. Nc3 a6 5. g3 b5 6. cxd5 cxd5 7. Bg2 e6 8. O-O
Nbd7 9. Bf4 Bb7 10. Rc1 Be7 11. Ne5 O-O 12. a4 b4 13. Nb1 a5 14. Nd2 Nxe5 15.
Bxe5 Bd6 16. Bxf6 Qxf6 17. Nb3 Rfc8 18. Rxc8+ Bxc8 19. e4 dxe4 20. Bxe4 Ra7 21.
Bxh7+ Kh8 22. Be4 g6 23. Nc5 Kg7 24. Qd2 Rc7 25. Rc1 Bxc5 26. Rxc5 Rxc5 27. dxc5
Qe5 28. Qc2 b3 29. Qc3 Qxc3 30. bxc3 f5 31. Bd3 e5 32. Kf1 e4 33. Bb1 Kf6 34.
Ke2 Ke5 35. f3 exf3+ 36. Kxf3 Bb7+ 37. Ke3 Be4 38. Bd3 b2 0-1

[Event "Titled Tue 20th May Early"]
[Site "chess.com INT"]
[Date "2025.05.20"]
[Round "9"]
[White "Burmakin, Vladimir"]
[Black "Chiappero, Julio Alfredo"]
[Result "1-0"]
[WhiteTitle "GM"]
[BlackTitle "FM"]
[WhiteElo "2435"]
[BlackElo "2238"]
[WhiteFideId "4105109"]
[BlackFideId "139998"]
[EventDate "2025.05.20"]

1. c4 e5 2. g3 Nc6 3. Bg2 f5 4. Nc3 Nf6 5. d3 d6 6. Rb1 g6 7. e3 Bg7 8. b4 O-O
9. Nge2 g5 10. h4 h6 11. hxg5 hxg5 12. f4 g4 13. Kf2 Ne7 14. d4 exd4 15. Nxd4
Ng6 16. Nd5 c6 17. Nxf6+ Qxf6 18. Bb2 Qe7 19. Qd3 Bd7 20. Rh5 Rae8 21. Rg5 Rf6
22. Re1 Kf7 23. Nxf5 Bxf5 24. Rxf5 Rxf5 25. Qxf5+ 1-0

[Event "Titled Tue 20th May Early"]
[Site "chess.com INT"]
[Date "2025.05.20"]
[Round "9"]
[White "Kosakowski, Jakub"]
[Black "Krishnan, Varun"]
[Result "1-0"]
[WhiteTitle "GM"]
[BlackTitle "IM"]
[WhiteElo "2530"]
[BlackElo "2370"]
[WhiteFideId "1185080"]
[BlackFideId "5054508"]
[EventDate "2025.05.20"]

1. e4 c5 2. Nf3 Nc6 3. Bc4 e6 4. O-O a6 5. Re1 d6 6. c3 b5 7. Bf1 c4 8. b3 cxb3
9. axb3 Bb7 10. d4 e5 11. d5 Nb8 12. c4 bxc4 13. bxc4 Nd7 14. Nc3 Ngf6 15. Qa4
Be7 16. c5 dxc5 17. Nxe5 O-O 18. Nc4 Re8 19. Bf4 Nh5 20. Bd2 Nb6 21. Nxb6 Qxb6
22. Rab1 Qc7 23. e5 Qc8 24. d6 Bc6 25. Qd1 Qf5 26. dxe7 Rxe7 27. Ne2 Rd8 28. Qc1
Rxe5 29. Ng3 Nxg3 30. hxg3 Red5 31. Ba5 Rc8 32. Qf4 Qg6 33. Rb8 Bb7 34. Rxc8+
Bxc8 35. Re8# 1-0

[Event "Titled Tue 20th May Early"]
[Site "chess.com INT"]
[Date "2025.05.20"]
[Round "9"]
[White "Shukhman, Anna"]
[Black "Papasimakopoulos, Alexandros"]
[Result "0-1"]
[WhiteTitle "WGM"]
[BlackTitle "IM"]
[WhiteElo "2413"]
[BlackElo "2366"]
[WhiteFideId "54180058"]
[BlackFideId "4244125"]
[EventDate "2025.05.20"]

1. e4 e6 2. d4 d5 3. Nc3 Bb4 4. e5 c5 5. a3 Bxc3+ 6. bxc3 Nc6 7. h4 Nge7 8. h5
h6 9. Qg4 Nf5 10. Nf3 O-O 11. Bd3 Nce7 12. Nh4 c4 13. Bxf5 exf5 14. Qg3 Kh8 15.
Nf3 Be6 16. Bf4 Qa5 17. Nd2 Qa4 18. Rc1 Qxa3 19. Ke2 Qa4 20. Qe3 Kh7 21. Rh3 a5
22. Rg3 Rg8 23. Nf3 b5 24. Bg5 Qa3 25. Nh4 Ra7 26. Bxe7 Qxe7 27. Rh1 b4 28. Ng6
Qd7 29. Nf4 b3 30. cxb3 cxb3 31. Rg6 a4 32. Nh3 fxg6 33. Ng5+ hxg5 34. Qxg5 Rb8
35. hxg6+ Kg8 36. Qh4 Kf8 37. Qh8+ Bg8 0-1

[Event "Titled Tue 20th May Early"]
[Site "chess.com INT"]
[Date "2025.05.20"]
[Round "9"]
[White "King, Alexander"]
[Black "Brancaleoni, Maurizio"]
[Result "1-0"]
[WhiteTitle "FM"]
[BlackTitle "FM"]
[WhiteElo "2263"]
[BlackElo "2185"]
[WhiteFideId "2063620"]
[BlackFideId "803022"]
[EventDate "2025.05.20"]

1. Nf3 c5 2. c4 g6 3. Nc3 Bg7 4. g3 Nc6 5. Bg2 d6 6. O-O Bf5 7. d4 cxd4 8. Nb5
e5 9. e3 a6 10. Na3 Nge7 11. exd4 exd4 12. Nc2 Bxc2 13. Qxc2 O-O 14. Rd1 Rc8 15.
Bf4 h6 16. Rac1 g5 17. Bd2 Ng6 18. Bh3 Rc7 19. b3 Nge5 20. Bg2 d3 21. Qb1 Nxf3+
22. Bxf3 Nd4 23. Qxd3 Nxf3+ 24. Qxf3 Be5 25. Ba5 Re8 26. Bxc7 Qxc7 27. Qd5 b6
28. b4 Kg7 29. c5 bxc5 30. bxc5 dxc5 31. Rxc5 Qb8 32. Re1 Bf6 33. Rxe8 Qxe8 34.
Kg2 Qa4 35. Rc7 Qe8 36. Ra7 g4 37. Rxa6 Qe2 38. Ra7 Qf3+ 39. Qxf3 gxf3+ 40. Kxf3 1-0

[Event "Titled Tue 20th May Early"]
[Site "chess.com INT"]
[Date "2025.05.20"]
[Round "9"]
[White "Gasparyan, Erik R."]
[Black "Hungaski, Robert"]
[Result "1-0"]
[WhiteTitle "IM"]
[BlackTitle "GM"]
[WhiteElo "2372"]
[BlackElo "2477"]
[WhiteFideId "13315730"]
[BlackFideId "2021030"]
[EventDate "2025.05.20"]

1. Nf3 e6 2. g3 f5 3. Bg2 Nf6 4. d3 Be7 5. O-O O-O 6. Nbd2 d6 7. e4 e5 8. exf5
Bxf5 9. Re1 c6 10. d4 e4 11. Nh4 Bg4 12. f3 exf3 13. Nhxf3 d5 14. h3 Bxf3 15.
Nxf3 Ne4 16. Ne5 Nxg3 17. Qg4 Nf5 18. Rf1 Qc8 19. h4 Nxd4 20. Qxd4 Rxf1+ 21.
Bxf1 Nd7 22. Bh3 Nxe5 23. Kg2 Qc7 24. Bf4 Bd6 25. Re1 Re8 26. c4 dxc4 27. Rd1
Bf8 28. Re1 Bd6 29. Bg3 c5 30. Qd5+ Qf7 31. Qe4 1-0

[Event "Titled Tue 20th May Early"]
[Site "chess.com INT"]
[Date "2025.05.20"]
[Round "9"]
[White "Viskelis, Darius"]
[Black "Hernandez Izquierdo, Jose A."]
[Result "0-1"]
[WhiteTitle "FM"]
[BlackTitle "IM"]
[WhiteElo "2165"]
[BlackElo "2223"]
[WhiteFideId "12800830"]
[BlackFideId "3527263"]
[EventDate "2025.05.20"]

1. e4 c5 2. Nf3 e6 3. c3 d5 4. e5 d4 5. Na3 Bd7 6. Nc4 Bc6 7. d3 b5 8. Ncd2 Qd5
9. c4 bxc4 10. Nxc4 Nd7 11. Bf4 Ne7 12. Bg3 Ng6 13. Be2 f6 14. O-O Ndxe5 15.
Bxe5 Nxe5 16. Ncxe5 fxe5 17. Nh4 Be7 18. Bf3 Qd6 19. Bxc6+ Qxc6 20. Qh5+ Kd7 21.
Nf3 Bf6 22. Qf7+ Kd6 23. Nd2 Qd7 24. Ne4+ Kc7 25. Qh5 Kb6 26. Rfc1 Rac8 27. Rc4
Rc7 28. Rac1 Rhc8 29. Qd1 Qb5 30. a3 Be7 31. b4 cxb4 32. axb4 Rxc4 33. dxc4 Rxc4
34. Rxc4 Qxc4 35. h3 d3 36. Qf3 Bxb4 37. Ng5 Qc1+ 38. Kh2 Qxg5 39. Qxd3 Qf4+ 40.
Kh1 Qxf2 41. Qd8+ Kb5 42. Qb8+ Ka4 43. Qxa7+ Qxa7 44. Kh2 Qe3 0-1

[Event "Titled Tue 20th May Early"]
[Site "chess.com INT"]
[Date "2025.05.20"]
[Round "9"]
[White "Karimova, Guldona"]
[Black "Marcziter, Dmitrii"]
[Result "0-1"]
[WhiteTitle "WIM"]
[BlackTitle "FM"]
[WhiteElo "2265"]
[BlackElo "2208"]
[WhiteFideId "14210410"]
[BlackFideId "13900765"]
[EventDate "2025.05.20"]

1. e4 c5 2. Nf3 a6 3. c4 e6 4. Nc3 Qc7 5. a3 b6 6. d4 cxd4 7. Nxd4 Nf6 8. Be3
Bb7 9. f3 Nc6 10. Be2 Ne5 11. Rc1 Ng6 12. Kf2 h5 13. Qd2 h4 14. Bg5 Nh7 15. Be3
Nf6 16. b4 Rc8 17. g3 Bd6 18. Kg2 hxg3 19. hxg3 Bxg3 20. Rxh8+ Nxh8 21. Bg5 Nh5
22. Rh1 g6 23. Qe3 Bf4 24. Bxf4 Nxf4+ 25. Kf2 Ke7 26. Bf1 g5 27. Nd5+ Bxd5 28.
exd5 Nhg6 29. d6+ Kxd6 30. Rh7 Ke7 31. Nf5+ Kf8 32. Qc3 Qe5 33. Qxe5 Nxe5 34.
Nd6 Rc6 35. Ne4 Nxc4 0-1

[Event "Titled Tue 20th May Early"]
[Site "chess.com INT"]
[Date "2025.05.20"]
[Round "9"]
[White "Terkiewicz, Bruno"]
[Black "Spangenberg, Hugo"]
[Result "1-0"]
[WhiteTitle "CM"]
[BlackTitle "GM"]
[WhiteElo "2183"]
[BlackElo "2469"]
[WhiteFideId "21093245"]
[BlackFideId "101966"]
[EventDate "2025.05.20"]

1. e3 d5 2. c4 e6 3. Nf3 Nf6 4. b3 Be7 5. Bb2 O-O 6. Nc3 a5 7. cxd5 exd5 8. d4
c6 9. Bd3 Bg4 10. Qc2 Na6 11. a3 Nc7 12. Ne5 Bh5 13. f4 Re8 14. h3 Ne4 15. Nxe4
dxe4 16. Bxe4 Bh4+ 17. Kf1 Bg6 18. f5 f6 19. Nf3 Bf7 20. Nxh4 Qe7 21. Bd3 Nd5
22. Bc1 Nxe3+ 23. Bxe3 Qxe3 24. Nf3 Bd5 25. Bc4 1-0

[Event "Titled Tue 20th May Early"]
[Site "chess.com INT"]
[Date "2025.05.20"]
[Round "9"]
[White "Duarte Cramer, Lily Jeanette"]
[Black "Genkeswaran, Genivan"]
[Result "1-0"]
[WhiteTitle "WCM"]
[BlackTitle "CM"]
[WhiteElo "1828"]
[BlackElo "2197"]
[WhiteFideId "29620180"]
[BlackFideId "5754496"]
[EventDate "2025.05.20"]

1. d4 d5 2. c4 e6 3. Nc3 Nf6 4. Bg5 c6 5. cxd5 exd5 6. e3 Nbd7 7. Bd3 Be7 8.
Nge2 h6 9. Bf4 O-O 10. Qc2 Re8 11. O-O Nf8 12. f3 Bd6 13. Bxd6 Qxd6 14. e4 dxe4
15. fxe4 Ng4 16. e5 Qc7 17. Qd2 Qb6 18. Qf4 Nxe5 19. Na4 Qb4 20. dxe5 Qxf4 21.
Rxf4 Rxe5 22. Raf1 Be6 23. Nac3 Rd8 24. Bb1 b5 25. Re4 Rg5 26. Nf4 b4 27. Rxb4
c5 28. Ra4 Bd7 29. Rxa7 Bc6 30. Be4 Be8 31. Nfd5 Ne6 32. Nc7 Nf4 33. Nxe8 Nh3+
34. Kh1 1-0

[Event "Titled Tue 20th May Early"]
[Site "chess.com INT"]
[Date "2025.05.20"]
[Round "9"]
[White "Materia, Marco"]
[Black "Tsydypov, Zhamsaran"]
[Result "0-1"]
[WhiteTitle "IM"]
[BlackTitle "GM"]
[WhiteElo "2489"]
[BlackElo "2514"]
[WhiteFideId "45150451"]
[BlackFideId "4108566"]
[EventDate "2025.05.20"]

1. Nf3 g6 2. c4 Bg7 3. Nc3 e5 4. e3 Nc6 5. Be2 Nf6 6. d4 exd4 7. exd4 d5 8. O-O
O-O 9. h3 Be6 10. Ng5 dxc4 11. Nxe6 fxe6 12. Bxc4 Nxd4 13. Be3 c5 14. Ne2 Ne8
15. Nxd4 cxd4 16. Bxe6+ Kh8 17. Bd2 Nd6 18. Bb4 a5 19. Bc5 Re8 20. Bb3 Ne4 21.
Rc1 d3 22. Be3 Bxb2 23. Rc4 b5 24. Rc6 a4 25. Bf7 Rf8 26. Bxg6 hxg6 27. Rxg6 Qd5
28. Qg4 Rf7 29. Rd1 Bg7 30. Qh4+ Kg8 31. Bh6 Raa7 32. Qg4 Kh7 33. Be3 Rad7 34.
Re6 Nf6 35. Qh4+ Kg8 36. Rb6 Ne4 37. Rb8+ Rf8 38. Rb6 Nc3 39. Rd2 Ne2+ 40. Kh2
Qe5+ 41. g3 Rdf7 42. Kg2 Rxf2+ 43. Bxf2 Qd5+ 44. Kh2 Rxf2# 0-1

[Event "Titled Tue 20th May Early"]
[Site "chess.com INT"]
[Date "2025.05.20"]
[Round "9"]
[White "Dann, Matthias"]
[Black "Tahbaz, Arash"]
[Result "0-1"]
[WhiteTitle "IM"]
[BlackTitle "IM"]
[WhiteElo "2446"]
[BlackElo "2462"]
[WhiteFideId "24638056"]
[BlackFideId "12528846"]
[EventDate "2025.05.20"]

1. e4 d5 2. exd5 Qxd5 3. Nc3 Qa5 4. d4 Nf6 5. Bc4 c6 6. Bd2 Bf5 7. Qe2 Qc7 8.
Nf3 Nbd7 9. d5 cxd5 10. Nxd5 Nxd5 11. Bxd5 e6 12. Nd4 Bg6 13. O-O Bc5 14. Nxe6
fxe6 15. Qxe6+ Kf8 16. Bb3 Nf6 17. Bh6 Qc6 18. Qh3 gxh6 19. Qxh6+ Ke8 20. Rad1
Rf8 21. Rfe1+ Ne4 22. Kh1 Rd8 23. Rd3 Bxf2 24. Re2 Rxd3 25. cxd3 Be3 0-1

[Event "Titled Tue 20th May Early"]
[Site "chess.com INT"]
[Date "2025.05.20"]
[Round "9"]
[White "Yevchenko, Oleksandr"]
[Black "Sanhueza, Cristian"]
[Result "1-0"]
[WhiteTitle "CM"]
[BlackTitle "FM"]
[WhiteElo "2276"]
[BlackElo "2182"]
[WhiteFideId "14108267"]
[BlackFideId "116815"]
[EventDate "2025.05.20"]

1. c4 Nf6 2. Nc3 g6 3. d4 Bg7 4. e4 d6 5. h3 O-O 6. Be3 c5 7. Nf3 cxd4 8. Nxd4
Nc6 9. Be2 Nxd4 10. Bxd4 b6 11. O-O Bb7 12. Qd3 Rc8 13. b3 Nd7 14. Bxg7 Kxg7 15.
Qd4+ Kg8 16. Bg4 f5 17. exf5 gxf5 18. Bxf5 Rxf5 19. Qg4+ Kh8 20. Qxf5 Qg8 21. f3
Ne5 22. Ne4 Rf8 23. Qh5 Nxf3+ 24. Rxf3 Bxe4 25. Rxf8 Qxf8 26. Rf1 Qg8 27. Qe2
Qg6 28. Qb2+ Kg8 29. Qf2 Qg7 30. Re1 Qg6 31. Qe2 Bc6 32. Qe6+ Qxe6 33. Rxe6 Kf7
34. Re2 e5 35. Kf2 Ke6 36. g3 d5 37. cxd5+ Kxd5 38. Rd2+ Ke4 39. Rd6 Bb5 40. a4
Bd3 41. b4 Bc2 42. a5 bxa5 43. bxa5 Bd3 44. Rd7 a6 45. Rxh7 Kd4 46. Rd7+ Kc3 47.
Ke3 e4 48. Rc7+ Kb4 49. h4 Kxa5 50. h5 Kb6 51. Rc1 1-0

[Event "Titled Tue 20th May Early"]
[Site "chess.com INT"]
[Date "2025.05.20"]
[Round "9"]
[White "Aarit Kapil"]
[Black "Perez Rojas, Jorge"]
[Result "0-1"]
[WhiteTitle "CM"]
[BlackTitle "FM"]
[WhiteElo "2098"]
[BlackElo "2100"]
[WhiteFideId "33408947"]
[BlackFideId "3452093"]
[EventDate "2025.05.20"]

1. b3 d5 2. Bb2 c5 3. e3 Nf6 4. d4 e6 5. Nf3 Nc6 6. Nbd2 b6 7. Bd3 Bd6 8. Ne5
Bd7 9. f4 Rc8 10. O-O Nb4 11. Ndf3 Nxd3 12. Qxd3 O-O 13. h3 c4 14. Qd1 Ne4 15.
bxc4 dxc4 16. c3 f6 17. Nxd7 Qxd7 18. Nd2 Qc6 19. f5 Ng3 20. fxe6 Nxf1 21. Qxf1
Qd5 22. e4 Qxe6 23. Re1 b5 24. Nf3 a5 25. Qe2 Rfe8 26. Qc2 Bf8 27. Bc1 b4 28. d5
Qb6+ 29. Kh1 b3 30. axb3 cxb3 31. Qd3 a4 32. Be3 Qa5 33. Bd4 a3 34. c4 b2 35. e5
fxe5 36. Bxe5 a2 37. Rg1 a1=Q 38. Ng5 g6 39. Ne6 Rxe6 40. dxe6 Qxg1+ 0-1

[Event "Titled Tue 20th May Early"]
[Site "chess.com INT"]
[Date "2025.05.20"]
[Round "9"]
[White "Nagare Kaivalya Sandip"]
[Black "Drygalov, Sergey"]
[Result "1-0"]
[WhiteTitle "FM"]
[BlackTitle "GM"]
[WhiteElo "2321"]
[BlackElo "2560"]
[WhiteFideId "25957929"]
[BlackFideId "24171743"]
[EventDate "2025.05.20"]

1. e4 c5 2. Nf3 d6 3. d4 cxd4 4. Nxd4 Nf6 5. Nc3 a6 6. Bg5 Nbd7 7. Bc4 Qb6 8.
Bb3 e6 9. f4 Be7 10. f5 Nc5 11. Qf3 Ncxe4 12. Nxe4 Qxd4 13. Bxf6 gxf6 14. Rd1
Qe5 15. O-O d5 16. Bxd5 exd5 17. Rxd5 Qc7 18. Qe3 h6 19. Nxf6+ Kf8 20. Qd4 Rg8
21. Nxg8 Kxg8 22. Re1 Kh7 23. f6 Bf8 24. Re8 Be6 25. Rxa8 Bxd5 26. Qxd5 Bc5+ 27.
Kh1 Kg6 28. Qf3 Qb6 29. Rg8+ Kh7 30. Rg7+ Kh8 31. Qf5 1-0

[Event "Titled Tue 20th May Early"]
[Site "chess.com INT"]
[Date "2025.05.20"]
[Round "9"]
[White "Pham, Le Thao Nguyen"]
[Black "Dubnevych, Maksym"]
[Result "0-1"]
[WhiteTitle "IM"]
[BlackTitle "FM"]
[WhiteElo "2388"]
[BlackElo "2292"]
[WhiteFideId "12401226"]
[BlackFideId "14184001"]
[EventDate "2025.05.20"]

1. d4 d5 2. Nf3 Nf6 3. Bf4 c5 4. e3 Nc6 5. Nbd2 e6 6. c3 Nh5 7. Be5 f6 8. Bg3
Qb6 9. Qb3 Nxg3 10. hxg3 c4 11. Qxb6 axb6 12. a3 b5 13. Rc1 g6 14. e4 Bd7 15.
Be2 Kf7 16. exd5 exd5 17. Nf1 h5 18. Ne3 Bh6 19. Nd2 Ne7 20. f4 Rae8 21. Kf2 Nf5
22. Nxf5 Bxf5 23. Bf3 Rd8 24. Nf1 Rhe8 25. Re1 Rxe1 26. Kxe1 Be4 27. Ne3 f5 28.
Kf2 Bf8 29. Ra1 Ke6 30. Re1 Bd6 31. Rh1 Rh8 32. Rh4 Be7 33. Rh2 Ra8 34. Rh1 Bd6
35. Ke2 Rh8 36. Rh4 Be7 37. Rh1 h4 38. gxh4 Rxh4 39. Rxh4 Bxh4 40. Nf1 Bd3+ 41.
Ke3 Bxf1 42. Kd2 Bf2 43. Bd1 Bxg2 0-1

[Event "Titled Tue 20th May Early"]
[Site "chess.com INT"]
[Date "2025.05.20"]
[Round "9"]
[White "Anakok, Deniz"]
[Black "Gutman, Gennadi"]
[Result "1-0"]
[WhiteTitle "CM"]
[BlackTitle "GM"]
[WhiteElo "2058"]
[BlackElo "2445"]
[WhiteFideId "51603586"]
[BlackFideId "14102277"]
[EventDate "2025.05.20"]

1. e4 c6 2. Nc3 d5 3. Nf3 dxe4 4. Nxe4 Nf6 5. Qe2 Nxe4 6. Qxe4 Nd7 7. Bc4 Nf6 8.
Ne5 e6 9. Qe2 b5 10. Bd3 Bb7 11. O-O Bd6 12. f4 O-O 13. a4 a6 14. b3 Bc7 15. Bb2
Nd5 16. Rf3 f5 17. Nxc6 Qd7 18. axb5 Nxf4 19. Qf2 axb5 20. Rxa8 Rxa8 21. Ne5
Bxe5 22. Bxe5 Ng6 23. Re3 Qc6 24. Bb2 Kf7 25. h4 Ne7 26. Qg3 g6 27. Re2 Nd5 28.
Qe5 Qc7 29. Qg7+ Ke8 30. Rxe6+ Kd8 31. Bf6+ Kc8 32. Re8+ Qd8 33. Rxd8# 1-0

[Event "Titled Tue 20th May Early"]
[Site "chess.com INT"]
[Date "2025.05.20"]
[Round "9"]
[White "Bayaca, Sterling"]
[Black "Guliev, Gasan"]
[Result "0-1"]
[WhiteTitle "FM"]
[BlackTitle "CM"]
[WhiteElo "2231"]
[BlackElo "2123"]
[WhiteFideId "3227790"]
[BlackFideId "34165638"]
[EventDate "2025.05.20"]

1. e4 c5 2. Nf3 Nc6 3. Nc3 g6 4. Bc4 Bg7 5. a4 e6 6. O-O Nge7 7. Re1 O-O 8. e5
Qc7 9. Qe2 a6 10. Qe4 b6 11. d3 Bb7 12. Qf4 Nf5 13. h4 Ncd4 14. Nxd4 Nxd4 15.
Bb3 Qc6 16. Ne4 d6 17. Qg3 dxe5 18. h5 f5 19. h6 Bh8 20. Ng5 Rae8 21. Bd2 f4 22.
Qg4 b5 0-1

[Event "Titled Tue 20th May Early"]
[Site "chess.com INT"]
[Date "2025.05.20"]
[Round "9"]
[White "Smieszek, Wojciech"]
[Black "Chekletsov, Ilya"]
[Result "0-1"]
[WhiteTitle "CM"]
[BlackTitle "IM"]
[WhiteElo "2141"]
[BlackElo "2338"]
[WhiteFideId "1156047"]
[BlackFideId "24177156"]
[EventDate "2025.05.20"]

1. e4 c5 2. Nf3 e6 3. d4 cxd4 4. Nxd4 Nf6 5. Nc3 Nc6 6. a3 Be7 7. Be3 d5 8. Bb5
Bd7 9. exd5 exd5 10. O-O O-O 11. Re1 Ne5 12. Bxd7 Qxd7 13. h3 Nc4 14. Bc1 Rfe8
15. b3 Nd6 16. Nf3 Nb5 17. Bb2 Rac8 18. Nxb5 Qxb5 19. Nd4 Qd7 20. Nf3 Qf5 21.
Rc1 Ne4 22. Re2 Bc5 23. Bd4 Bxa3 24. Ra1 Bd6 25. Rxa7 Qd7 26. Qe1 Bb8 27. Ra4
Re6 28. c4 Rg6 29. Kh1 b5 30. Ra8 Qb7 31. Ra5 bxc4 32. bxc4 f5 33. Rb2 Qc6 34.
cxd5 Qe8 35. d6 Bxd6 36. Rxf5 Re6 37. Re2 Nxf2+ 38. Qxf2 Rxe2 39. Qh4 Rc1+ 40.
Bg1 g6 41. Qg5 Rcc2 42. Rf4 Rxg2 43. Qxg2 Rxg2 44. Rd4 Rxg1+ 45. Kxg1 Bc5 0-1

[Event "Titled Tue 20th May Early"]
[Site "chess.com INT"]
[Date "2025.05.20"]
[Round "9"]
[White "Guerra Tulcan, Lenin"]
[Black "Aarav Sinha"]
[Result "1-0"]
[WhiteTitle "IM"]
[BlackTitle "FM"]
[WhiteElo "2310"]
[BlackElo "2255"]
[WhiteFideId "3601382"]
[BlackFideId "25674064"]
[EventDate "2025.05.20"]

1. e4 c5 2. Nf3 d6 3. d4 cxd4 4. Nxd4 Nf6 5. Nc3 a6 6. Be2 e5 7. Nf3 Qc7 8. O-O
Be7 9. a4 Be6 10. Re1 h6 11. Bf1 O-O 12. Nd5 Nxd5 13. exd5 Bf5 14. c4 Nd7 15. b4
a5 16. Nd4 exd4 17. Rxe7 axb4 18. Qxd4 Rfe8 19. Bb2 f6 20. Rae1 Rxe7 21. Rxe7
Qd8 22. Re3 Rxa4 23. Qf4 Bg6 24. Qxd6 b3 25. Re7 Be8 26. Ba3 b2 27. Qe6+ Kh7 28.
Bxb2 Nc5 29. Qe3 Qb6 30. Rxe8 Qxb2 31. Qxc5 Ra1 32. Qe3 b5 33. Qe4+ 1-0

[Event "Titled Tue 20th May Early"]
[Site "chess.com INT"]
[Date "2025.05.20"]
[Round "9"]
[White "Onyshchuk, Volodymyr"]
[Black "Srihari, L R"]
[Result "1-0"]
[WhiteTitle "GM"]
[BlackTitle "IM"]
[WhiteElo "2602"]
[BlackElo "2468"]
[WhiteFideId "14114038"]
[BlackFideId "46617116"]
[EventDate "2025.05.20"]

1. e4 g6 2. d4 Bg7 3. Nc3 d6 4. f4 Nf6 5. Nf3 O-O 6. e5 dxe5 7. dxe5 Qxd1+ 8.
Nxd1 Nd5 9. c4 Nb4 10. Ne3 Rd8 11. Bd2 N8c6 12. Bc3 Be6 13. Ng5 Nd3+ 14. Bxd3
Rxd3 15. Ke2 Rad8 16. Nxe6 fxe6 17. h4 h6 18. g3 Kf7 19. Rad1 Rxd1 20. Rxd1 Rxd1
21. Nxd1 g5 22. h5 gxf4 23. gxf4 Ke8 24. Kd3 Kd7 25. b4 b6 26. a4 Bf8 27. Ne3
Bg7 28. b5 Nd8 29. c5 bxc5 30. Kc4 c6 31. Kxc5 Nb7+ 32. Kc4 Kc7 33. a5 cxb5+ 34.
Kxb5 Nd8 35. a6 Nc6 36. Nc2 Kd7 37. Nd4 Nb8 38. Ba5 Bh8 39. Nb3 Ke8 40. Nc5 1-0

[Event "Titled Tue 20th May Early"]
[Site "chess.com INT"]
[Date "2025.05.20"]
[Round "9"]
[White "Badacsonyi, Stanley"]
[Black "Naroditsky, Daniel"]
[Result "1-0"]
[WhiteTitle "FM"]
[BlackTitle "GM"]
[WhiteElo "2289"]
[BlackElo "2619"]
[WhiteFideId "486973"]
[BlackFideId "2026961"]
[EventDate "2025.05.20"]

1. d4 a5 2. e4 Ra6 3. Nf3 b6 4. Nc3 Bb7 5. Be3 e6 6. Qd2 Nf6 7. Bd3 Bb4 8. Bg5
h6 9. Bxf6 Qxf6 10. a3 Bxc3 11. Qxc3 O-O 12. Qxc7 Ra7 13. Qxb6 Nc6 14. d5 exd5
15. exd5 Re8+ 16. Kf1 Ba6 17. dxc6 Bxd3+ 18. cxd3 Raa8 19. Rc1 Rab8 20. Qd4 Qe6
21. cxd7 Red8 22. h3 Rxd7 23. Qe5 Qb6 24. Kg1 Rxd3 25. Kh2 Rxf3 26. Rc6 Qa7 27.
Ra6 Rxh3+ 28. Kxh3 Rb3+ 29. Kh2 Qxa6 30. Qe8+ Kh7 31. Qxf7 Qd6+ 32. g3 Rxb2 33.
Re1 Qc5 34. Kg1 Qg5 35. Re8 Rb6 36. Qg8+ Kg6 37. Re6+ Rxe6 38. Qxe6+ Qf6 39.
Qe4+ Qf5 40. Qc6+ Kh5 41. Kg2 g6 42. f3 Qe5 43. a4 Qe2+ 44. Kh3 Qf1+ 45. Kh2
Qe2+ 46. Kh3 Kg5 47. Qb5+ Kf6 48. Qxe2 g5 49. Qa6+ Kg7 50. Qxa5 Kg6 51. g4 h5
52. Qf5+ Kg7 53. Qxg5+ Kf7 54. Qxh5+ Kf6 55. Qf5+ Ke7 56. g5 Kd6 57. Qf6+ Kc7
58. g6 Kd7 59. g7 Kc7 60. g8=Q Kb7 61. Qgg7+ Ka8 62. Qff8# 1-0